El principio de legalidad y los métodos interpretativos (Registro nro. 22007)

Detalles MARC
000 -LEADER
fixed length control field 00367 a2200109 4500
001 - CONTROL NUMBER
control field ART_18734
005 - DATE AND TIME OF LATEST TRANSACTION
control field 20260410161817.0
008 - FIXED-LENGTH DATA ELEMENTS--GENERAL INFORMATION
fixed length control field 260409a
100 1# - MAIN ENTRY--PERSONAL NAME
Personal name Marum, Elizabeth A.
245 10 - TITLE STATEMENT
Title El principio de legalidad y los métodos interpretativos
773 0# - HOST ITEM ENTRY
Title Revista Juridica de Buenos Aires
Related parts Testimonio de derecho penal (ene. 2011)
Record control number REV4315

No hay ítems disponibles.